| 000 | 02091cam a2200361Li 4500 | ||
|---|---|---|---|
| 001 | ocn491881392 | ||
| 003 | TZ-ArACH | ||
| 005 | 20110623121226.0 | ||
| 008 | 030918s2002 ne f b 001 0 engod | ||
| 020 | _a9789004125315 (pbk) | ||
| 035 | _a(OCoLC)491881392 | ||
| 040 |
_aZW _encafnor _bfre _cZWZ |
||
| 041 | _aeng | ||
| 049 | _aTZAA | ||
| 050 | _aHC930 .H68 | ||
| 100 | 1 |
_aHope, Kempe Ronald. _91069 |
|
| 245 | 1 | 0 |
_aFrom crisis to renewal _h[Texte imprimé] : _bdevelopment policy and management in Africa / _cby Kempe Ronald Hope. |
| 260 |
_aLeiden ; _aBoston [Mass.] : _bBrill, _c2002. |
||
| 300 |
_aXIV-212 p. ; _c24 cm. |
||
| 490 | 1 |
_aAfrican social studies series, _x1568-1203 ; _v5 |
|
| 504 | _aBibliogr. p. [183]-199. Index. | ||
| 505 | _aDevelopment policy and performance in Botswana : lessons for the transition economies in sub-Saharan Africa -- Human resource management in the Botswana public sector : approaches to enhancing productivity -- Administrative and financial management of parastatals in Botswana -- Decentralization and local governance : theory and the practice in Botswana -- The political economy of policy reform and change in Africa : challenge of the transition from statism to liberalization -- Corruption, ethics and development in Africa -- Poverty and environmental management in Africa -- The new public management, decentralization and public sector re-engineering in Africa -- Development prospects for Africa : structural adjustment and beyond. | ||
| 650 | 7 |
_aAdministration publique _zBotswana. _2ram _91070 |
|
| 650 | 0 |
_aPublic administration _zBotswana. _91071 |
|
| 651 | 0 |
_aBotswana _xEconomic policy. _91072 |
|
| 651 | 0 |
_aAfrica, Sub-Saharan _xEconomic policy. _91073 |
|
| 651 | 7 |
_aBotswana _xPolitique économique. _2ram _91074 |
|
| 651 | 7 |
_aAfrique noire _xPolitique économique _y1960-.... _2ram _91075 |
|
| 651 | 7 |
_aBotswana _xAdministration. _2ram _91076 |
|
| 830 | 0 |
_aAfrican social studies series ; _v5. _91077 |
|
| 942 |
_2lcc _cBOOK |
||
| 999 |
_c1206 _d1206 |
||